Kluby piłkarskie Szlezwiku-Holsztynu i Dolnej Saksonii - nagła śmierć - Statystyki

Ogólne statystyki
  • Ten quiz został rozwiązany 14 razy
  • Średni wynik to 5 z 10
Answers on the Grid
Answers color-coded by a green-red scale on the quiz's grid according to % correct below.
Holstein Kiel
VfB Oldenburg
TSG 1899 Hoffenheim
1. FC Phönix Lübeck
FC Carl Zeiss Jena
SV Meppen
RB Leipzig
VfL Wolfsburg
Werder Brema
Hannover 96
1. FC Köln
Eintracht Brunszwik
TSV Havelse
VSG Altglienicke
VfL Osnabrück
FC Kilia Kiel
 
Statystyki odpowiedzi
Odpowiedź % Poprawnych
1. FC Phönix Lübeck
67%
FC Kilia Kiel
67%
Hannover 96
67%
VfB Oldenburg
67%
Eintracht Brunszwik
50%
Holstein Kiel
50%
VfL Osnabrück
50%
SV Meppen
33%
VfL Wolfsburg
33%
TSV Havelse
17%
Nie znaleziono quizów pasujących do podanych kryteriów
Rozkład punktacji
Procent ludzi z każdym wynikiem
Percentyl według liczby udzielonych odpowiedzi
Twoja historia wyników
Nie rozwiązałeś tego quizu